កម្រងល្បែងកម្សាន្ត / (Record no. 1366)

MARC details
000 -LEADER
fixed length control field 00986nam a22002417a 4500
005 - DATE AND TIME OF LATEST TRANSACTION
control field 20250904082323.0
020 ## - INTERNATIONAL STANDARD BOOK NUMBER
International Standard Book Number 9789924340782
040 ## - CATALOGING SOURCE
Original cataloging agency FISKH
Language of cataloging eng
Transcribing agency FISKH
Modifying agency FISKH
082 ## - DEWEY DECIMAL CLASSIFICATION NUMBER
Classification number 793.738
100 ## - MAIN ENTRY--PERSONAL NAME
Personal name Sodany, Ouch
245 ## - TITLE STATEMENT
Title កម្រងល្បែងកម្សាន្ត /
260 ## - PUBLICATION, DISTRIBUTION, ETC.
Place of publication, distribution, etc. Phnom Penh :
Name of publisher, distributor, etc. Sipar,
Date of publication, distribution, etc. 2020.
505 ## - FORMATTED CONTENTS NOTE
Formatted contents note J
520 ## - SUMMARY, ETC.
Summary, etc. ល្បែងកម្សាន្តល្បងប្រាជ្ញាខុសៗគ្នាសម្រាប់ជាជំនួយស្មារតី បង្កើនការគិតដល់មិត្តអ្នកអាន។<br/><br/>
520 ## - SUMMARY, ETC.
Summary, etc. Different brain teaser games to help increase the thinking of readers.
521 ## - TARGET AUDIENCE NOTE
Target audience note 500<br/><br/>
Source Lexile estimate<br/>
521 ## - TARGET AUDIENCE NOTE
Target audience note J<br/>
Source Raz-Plus<br/>
650 ## - SUBJECT ADDED ENTRY--TOPICAL TERM
Topical term or geographic name entry element ល្បែងកម្សាន្ត
Form subdivision ប្រាជ្ញា
650 ## - SUBJECT ADDED ENTRY--TOPICAL TERM
Topical term or geographic name entry element Brain teaser games
Form subdivision EQ
700 ## - ADDED ENTRY--PERSONAL NAME
Personal name Visoth, Seng​
Titles and other words associated with a name illustrator
942 ## - ADDED ENTRY ELEMENTS (KOHA)
Source of classification or shelving scheme Dewey Decimal Classification
Koha item type Books
Suppress in OPAC No
999 ## -
-- 1366
-- 1366
Holdings
Withdrawn status Lost status Source of classification or shelving scheme Damaged status Not for loan Collection Home library Current library Shelving location Date acquired Total Checkouts Full call number Barcode Date last seen Copy number Price effective from Koha item type Date last checked out
    Dewey Decimal Classification     Khmer Language Books / សៀវភៅភាសាខ្មែរ Footprints International School Library Network Toul Tom Poung Campus Footprints International School Library Network Toul Tom Poung Campus TTP Primary Khmer Bookshelves 08/22/2023   SOD 793.738 2023-0314 08/22/2023 1 08/22/2023 Books  
    Dewey Decimal Classification     Khmer Language Books / សៀវភៅភាសាខ្មែរ Footprints International School Library Network Toul Tom Poung Campus Footprints International School Library Network Toul Tom Poung Campus TTP Primary Khmer Bookshelves 08/22/2023 1 SOD 793.738 2023-0315 06/09/2025 2 08/22/2023 Books 02/14/2025